00485nam a2200157Ia 45000010005000000080041000050200015000460400013000610820019000741000018000932450082001112600044001933000011002376500049002487000030002971916140313s9999 xx 000 0 und d a0071402489 cPK-LaUMT a 306.89bKRA-M aMel Krantzler aMoving beyond your parents' divorcecMel Krantzler<>Patricia Biondi Krantzler aChicago,USA:bContemporary Books,c2003 a166 p. aAdult children of divorced parents-Attitudes aPatricia Biondi Krantzler